Sự tích truyền thuyết dân gian

Tìm hiểu về sự tích các vị thần Thăng Long - Hà Nội, truyền thuyết dân gian Khánh Hoà và một số truyện ma quỷ ở làng Hậu Luật

שמור ב:
מידע ביבליוגרפי
מחבר ראשי: Hoàng Lê
מחברים אחרים: Trần Việt Kỉnh, Võ Văn Trực
פורמט: ספר
שפה:Vietnamese
יצא לאור: H. Văn hoá dân tộc 2012
נושאים:
תגים: הוספת תג
אין תגיות, היה/י הראשונ/ה לתייג את הרשומה!
Thư viện lưu trữ: Mạng thư viện Đại học Đà Nẵng
LEADER 01437aam a22003738a 4500
001 000018102
003 14529
005 20130906140920.0
008 130906s2012 viesd
020 |d 2000b 
041 0 |a vie 
082 1 4 |2 14  |a 398.209597  |b HO-L 
100 1 |a Hoàng Lê 
245 1 0 |a Sự tích truyền thuyết dân gian  |c Hoàng Lê, Trần Việt Kỉnh, Võ Văn Trực 
260 |a H.  |b Văn hoá dân tộc  |c 2012 
300 |a 455 tr.  |c 21 cm. 
500 |a ĐTTS ghi: Hội Văn nghệ dân gian Việt Nam 
520 |a Tìm hiểu về sự tích các vị thần Thăng Long - Hà Nội, truyền thuyết dân gian Khánh Hoà và một số truyện ma quỷ ở làng Hậu Luật 
650 0 4 |2 Bộ TK TVQG  |a Văn học dân gian  |z Việt Nam 
651 7 |2 Bộ TK TVQG  |a Việt Nam 
655 7 |2 Bộ TK TVQG  |a Sự tích 
655 7 |2 Bộ TK TVQG  |a Truyền thuyết 
700 1 |a Trần Việt Kỉnh 
700 1 |a Võ Văn Trực 
OWN |a LSP 
AVA |a UDN50  |b LSP  |d 398.209597 HO-L  |e available  |t Error 5001 Not defined in file expand_doc_bib_avail.  |f 1  |g 0  |h N  |i 0  |k 1 
999 |a From the UDN01 
AVA |a UDN50  |b LSP  |d 398.209597 HO-L  |e available  |t Error 5001 Not defined in file expand_doc_bib_avail.  |f 1  |g 0  |h N  |i 0  |k 1 
TYP |a Monograph 
TYP |a Printed language 
980 |a Mạng thư viện Đại học Đà Nẵng